书目信息 |
| 题名: |
青山道场
|
|
| 作者: | 刘成纪 著 | |
| 分册: | ||
| 出版信息: | 北京 东方出版社 2005 |
|
| 页数: | 448页 | |
| 开本: | 20cm | |
| 丛书名: | “诗性智慧”丛书 | |
| 单 册: | ||
| 中图分类: | B223.55 | |
| 科图分类: | ||
| 主题词: | 禅宗--关系--古典诗歌--文艺美学--中国 | |
| 电子资源: | ||
| ISBN: | 7-5060-2101-3 | |
| 000 | 01189nam0 2200253 450 | |
| 001 | TS2006023832 | |
| 005 | 20061207172104.71 | |
| 010 | @a7-5060-2101-3@dCNY26.00 | |
| 100 | @a20060829d2005 ekmy0chiy0121 ea | |
| 101 | 0 | @achi |
| 102 | @aCN@b110000 | |
| 105 | @ay z 000yy | |
| 200 | 1 | @a青山道场@AQing Shan Dao Chang@e庄禅与中国哲学精神@EZhuang Chan Yu Zhong Guo Zhe Xue Jing Shen@f刘成纪著@FLiu Cheng Ji Zhu |
| 210 | @a北京@c东方出版社@d2005 | |
| 215 | @a448页@d20cm | |
| 225 | 2 | @a“诗性智慧”丛书 |
| 330 | @a本书通过对中国诗学中最具代表性的老庄、禅宗思想的考察、梳理和剖析,力求搞清庄禅在哲学本体上的同源性以及由此显示的诗意化的世界观;探讨地理环境、自然风物对庄禅哲学精神的决定性影响以及在与先秦诸子、西方哲学美学的比较中彰显庄禅哲学的诗性特质;论述了由此形成的中国独有的美学范畴以及直到今天依然散发着恒久魅力的原因所在,从而阐明中国诗学精神的理论体系,凸显和揭示中国诗学精神的基本特色和历史地位。 | |
| 410 | 0 | @12001 @a“诗性智慧”丛书 |
| 600 | 0 | @a哲学思想@x关系@x古典诗歌@x文艺美学@y中国 |
| 606 | 0 | @a禅宗@x关系@x古典诗歌@x文艺美学@y中国 |
| 690 | @aB223.55@v4 | |
| 701 | 0 | @a刘成纪@ALiu Cheng Ji@4著 |
| 801 | 0 | @aCN@b中图数据@c20061207 |
| 905 | @a10447@dB223.55@e280 | |
| 青山道场:庄禅与中国哲学精神/刘成纪著.-北京:东方出版社,2005 |
| 448页;20cm.-(“诗性智慧”丛书) |
| ISBN 7-5060-2101-3:CNY26.00 |
| 本书通过对中国诗学中最具代表性的老庄、禅宗思想的考察、梳理和剖析,力求搞清庄禅在哲学本体上的同源性以及由此显示的诗意化的世界观;探讨地理环境、自然风物对庄禅哲学精神的决定性影响以及在与先秦诸子、西方哲学美学的比较中彰显庄禅哲学的诗性特质;论述了由此形成的中国独有的美学范畴以及直到今天依然散发着恒久魅力的原因所在,从而阐明中国诗学精神的理论体系,凸显和揭示中国诗学精神的基本特色和历史地位。 |
| ● |
| 相关链接 |
|
|
|
|
正题名:青山道场
索取号:B223.55/280
 
预约/预借
| 序号 | 登录号 | 条形码 | 馆藏地/架位号 | 状态 | 备注 |
| 1 | 0613726 | 206137269 | 第一样本阅览室/ [索取号:B223.55/280] | 在馆 | |
| 2 | 0613727 | 206137278 | 教育系资料室/ [索取号:B223.55/280] | 在馆 | |
| 3 | 0613728 | 206137287 | 第一借阅区/ [索取号:B223.55/280] | 在馆 | |
| 4 | 0613729 | 206137296 | 第一借阅区/ [索取号:B223.55/280] | 在馆 | |
| 5 | 0613730 | 206137303 | 第一借阅区/ [索取号:B223.55/280] | 在馆 |